Statistiques concernant Monuments célèbres flous #2

Cliquez ici pour prendre le quiz!

Statistiques générales

  • Ce quiz a été pris 12 556 fois
  • Le résultat moyen est 7 sur 16

Réponses sur la Carte

Les réponses sont colorées sur une échelle allant du rouge au vert en fonction du pourcentage des utilisateurs qui les ont devinées à leur premier essai. Vous pouvez retrouver ces pourcentages ci-dessous.
 

Statistiques - réponses

% Correct
Statue de la Liberté, New York
99%
Sphinx de Gizeh
90%
Colisée, Rome
89%
Mont Everest, Chine-Népal
64%
Maison-Blanche , Washington D.C.
55%
Moaï, Ile de Pâques
52%
London Eye
49%
Mont-Saint-Michel, Normandie
49%
Palm Islands, Dubaï
34%
Kaaba, La Mecque
30%
Grand Canyon, Arizona
26%
Tour de Pise, Italie
26%
Sainte-Sophie, Istanbul
24%
Uluru, Australie
24%
Louvre, Paris
16%
Salto Ángel, Venezuela
9%

Distribution des résultats

Percentile par nombre de réponses

% des personnes avec chaque résultat

Votre développement - résultats

Vous n’avez pas pris ce quiz